Gaming Quiz

Random Gaming Quiz

GameFAQs Character Contest Entrants Quiz Stats

 Plays Quiz not verified by Sporcle

Also try: Pokémon Rainbow
Challenge
Share
Tweet
Embed
Score 0/271 Timer 20:00
0 Plays Today
Debut Character % Correct
2002 (cont.)Mario
96.5%
2002 (cont.)Link
93.4%
2003Luigi
91.6%
2002Cloud Strife
89.4%
2003Zelda
89.4%
2003Bowser
88.5%
2006Princess Peach
87.2%
2002 (cont.)Sephiroth
86.3%
2003Ganondorf
85.8%
2002 (cont.)Samus Aran
85.8%
2002 (cont.)Sonic the Hedgehog
85.8%
2002 (cont.)Solid Snake
85.4%
2002 (cont.)Ryu
84.5%
2002Donkey Kong
84.1%
2002 (cont.)Pikachu
84.1%
2003Yoshi
84.1%
2002 (cont.)Miles 'Tails' Prower
82.7%
2002 (cont.)Mega Man
81.9%
2002Ken Masters
81.4%
2002Knuckles the Echidna
81.4%
2002Fox McCloud
80.5%
2003Wario
80.5%
2002Kirby
80.1%
2003Ness
79.6%
2002 (cont.)Tidus
78.8%
2002 (cont.)Squall Leonhart
78.3%
2005 (Summer)Tifa Lockhart
78.3%
2005 (Villains)Dr. Robotnik
77.9%
2005 (Summer)Kratos
77.9%
2003Master Chief
77.9%
2003Shadow the Hedgehog
77%
2002Aeris Gainsborough
76.5%
2002Crono
76.5%
2004Liquid Snake
75.7%
2003Zero
75.7%
2003Yuna
75.2%
2007L-Block
73.9%
2008Diddy Kong
73.5%
2010Charizard
73%
2002Jill Valentine
73%
2002Gordon Freeman
72.1%
2008Falco Lombardi
71.7%
2004Frog
71.2%
2003Kefka
71.2%
2002 (cont.)Pac-Man
71.2%
2003Janus 'Magus' Zeal
70.8%
2003Sora
70.8%
2002 (cont.)Scorpion
70.4%
2005 (Summer)Big Boss
69.9%
2006Captain Falcon
69.5%
2007Mewtwo
69.5%
2005 (Summer)Riku
69.5%
2003Auron
69%
2007Metaknight
69%
2002Alucard Tepes
68.6%
2005 (Villains)Revolver Ocelot
68.6%
2008Spy
68.6%
2006Sub-Zero
68.6%
2002Crash Bandicoot
68.1%
2010Red
68.1%
2005 (Villains)Ridley
67.7%
2002Dante Sparda
67.3%
2005 (Summer)Leon Kennedy
66.8%
2007Marth
66.4%
2007Ike
65.9%
2008Lucas
65.9%
2005 (Summer)Rikku
65.5%
2005 (Summer)Vincent Valentine
65.5%
2008King Dedede
65%
2002 (cont.)Spyro the Dragon
65%
2005 (Summer)Chun-Li
64.6%
2007Pit
64.6%
2003Raiden
64.6%
2006Princess Daisy
64.2%
2005 (Summer)Zidane Tribal
64.2%
2005 (Villains)Albert Wesker
62.8%
2005 (Villains)Dr. Wily
62.8%
2003Tommy Vercetti
62.4%
2007Chris Redfield
61.9%
2004Luca Blight
61.5%
2002 (cont.)Ms. Pac-Man
61.5%
2004Vivi Ornitier
60.2%
2008Mega Man X
59.3%
2003Ratchet
59.3%
2005 (Villains)Sin
59.3%
2006The Boss
58.8%
2008GlaDOS
58.4%
2004Jak
58.4%
2010Jecht
58.4%
2004Ryu Hayabusa
58.4%
2005 (Villains)M. Bison
58%
Debut Character % Correct
2005 (Villains)Mother Brain
57.5%
2006Phoenix Wright
57.5%
2006Marle
56.6%
2005 (Summer)Cecil Harvey
56.2%
2005 (Summer)Lloyd Irving
56.2%
2002Lara Croft
55.8%
2004Protoman
55.8%
2007Toad
55.8%
2005 (Summer)Carl 'CJ' Johnson
55.3%
2002 (cont.)Simon Belmont
54.9%
2003Captain Olimar
54.4%
2002Claire Redfield
54%
2004Kain
53.5%
2005 (Villains)Kuja
53.5%
2006Kairi
53.1%
2003Isaac
52.7%
2002CATS
52.2%
2005 (Villains)Diablo
52.2%
2005 (Villains)Lavos
52.2%
2007Midna
51.3%
2008Weighted Companion Cube
50.9%
2006Axel
50.4%
2003Conker
50.4%
2007Roxas
50%
2005 (Villains)Ansem
49.6%
2006Tingle
49.6%
2003Tom Nook
49.6%
2003Vyse
49.6%
2002Duke Nukem
49.1%
2007Mudkip
49.1%
2007Akuma
48.7%
2006Amy Rose
48.7%
2005 (Villains)Andross
48.7%
2010Claire 'Lightning' Farron
48.7%
2007Daxter
48.2%
2007Miles Edgeworth
48.2%
2007Vaan
48.2%
2005 (Villains)Giygas
47.8%
2003KOS-MOS
47.8%
2007Banjo
47.3%
2002 (cont.)Little Mac
47.3%
2008Lucario
47.3%
2003Sam Fisher
47.3%
2008Heavy
46.9%
2005 (Summer)Jin Kazama
46.9%
2007Kratos Aurion
46.9%
2005 (Villains)Master Hand
46.5%
2008Niko Bellic
46.5%
2010Cid Highwind
46%
2002 (cont.)Ryo Hazuki
46%
2007Balthier Bunansa
45.6%
2005 (Villains)Vergil Sparda
45.6%
2002Bomberman
44.7%
2008Commander Shepard
44.7%
2002 (cont.)Max Payne
44.7%
2005 (Summer)Joanna Dark
44.2%
2006Celes Chere
43.8%
2002Guybrush Threepwood
43.8%
2004Laharl
43.8%
2007Marcus Fenix
43.8%
2002 (cont.)PaRappa the Rapper
43.8%
2008Altair
43.4%
2003Ramza Beoulve
43.4%
2006Jade
42.5%
2002 (cont.)Morrigan Aensland
42.5%
2008Big Daddy
42%
2008Nathan Drake
42%
2007Nightmare
42%
2005 (Villains)Pyramid Head
42%
2002 (cont.)Servbot
42%
2003AiAi
41.6%
2007Amaterasu
41.6%
2003Felix
41.6%
2005 (Summer)Geno
41.6%
2005 (Summer)Sarah Kerrigan
41.6%
2010Ezio Auditore da Firenze
41.2%
2007Bidoof
40.7%
2002Kasumi
40.3%
2005 (Villains)Sigma
40.3%
2002Abe
39.8%
2006Cortana
39.8%
2005 (Villains)Nemesis
39.8%
2003Mr. Resetti
39.4%
2008Raz
38.9%
2006Roll
38.9%
2002 (cont.)Terry Bogard
38.9%
2006Alyx Vance
38.5%
2006Ada Wong
38.1%
2010Missingno.
38.1%
2005 (Summer)Terra Branford
38.1%
2006The Prince of Persia
38.1%
Debut Character % Correct
2004Viewtiful Joe
38.1%
2007Arthas Menethil
36.7%
2002Kane
36.3%
2006Nidoran F
36.3%
2005 (Summer)King of All Cosmos
35.8%
2002 (cont.)Q*Bert
35.8%
2008Zack Fair
35.8%
2002Bub
35.4%
2002Dirk the Daring
35.4%
2002 (cont.)Raziel
35.4%
2004Sly Cooper
35%
2002Chop Chop Master Onion
34.5%
2010Fawful
34.5%
2004HK-47
34.5%
2002 (cont.)Strider Hiryu
34.5%
2002 (cont.)Tina Armstrong
34.1%
2004JC Denton
33.6%
2002 (cont.)Serious Sam
33.6%
2005 (Villains)Officer Frank Tenpenny
33.2%
2007Wander
33.2%
2002Aya Brea
32.7%
2006Ivy Valentine
32.7%
2008Rydia
32.7%
2006Soma Cruz
32.3%
2002Kyo Kusanagi
31.9%
2007Prince of All Cosmos
31.9%
2007Thrall
31.9%
2002Iori Yagami
31%
2002 (cont.)Mr. Driller
30.5%
2003Kite
30.1%
2007Serge
29.6%
2010Soap MacTavish
29.6%
2005 (Summer)Agent 47
29.2%
2005 (Villains)Mithos
29.2%
2008Sackboy
29.2%
2006Sheena Fujibayashi
29.2%
2004Tanner
29.2%
2010Captain John Price
28.8%
2008Neku Sakuraba
28.8%
2002 (cont.)Pitfall Harry
28.8%
2010Yuri Lowell
28.8%
2007Frank West
28.3%
2008Fei Fong Wong
27.9%
2002Kazuya Mishima
27.9%
2008Captain MacMillan
27.4%
2002 (cont.)Ulala
27.4%
2010Darth Revan
27%
2004Earthworm Jim
26.5%
2005 (Villains)Ultros
26.5%
2008Kaim Argonar
25.7%
2008Professor Layton
25.2%
2007Rayman
24.8%
2002Gabe Logan
24.3%
2007Jade Curtiss
24.3%
2007Nathan Hale
24.3%
2002Akira Yuki
23.9%
2010Vault Boy
23.9%
2007Midgar Zolom
23%
2010Claptrap
22.6%
2005 (Summer)Manny Calavera
22.6%
2008Sandbag
22.6%
2008The Dog
22.6%
2008Axel Steel
21.7%
2008Nana
21.7%
2007Agent J
21.2%
2002Goemon
21.2%
2008Siegfried
21.2%
2010Prinny
20.4%
2007Zelos Wilder
20.4%
2008Kain Highwind
19.9%
2005 (Villains)Albedo Piasora
19.5%
2008Nero
19.5%
2007Matt
19%
2008Travis Touchdown
19%
2006Carmen Sandiego
18.6%
2005 (Summer)Yuri Hyuga
18.6%
2008Tim
18.1%
2005 (Villains)Ghaleon
17.7%
2008Jinjo
17.3%
2010Sandal
17.3%
2008Hogger
16.8%
2005 (Villains)Ramirez
16.8%
2008Luke fon Fabre
16.4%
2006Lenneth Valkyrie
15.9%
2010Eddie Riggs
15%
2008Sho Minamimoto
14.6%
2010Ellis
12.8%
2007Haseo
12.8%
2008Deckard Cain
9.3%

You're not logged in!

Compare scores with friends on all Sporcle quizzes.
Join for Free
OR
Log In

You Might Also Like...

Show Comments

Extras

Top Quizzes Today


Score Distribution

Your Account Isn't Verified!

In order to create a playlist on Sporcle, you need to verify the email address you used during registration. Go to your Sporcle Settings to finish the process.

Report this User

Report this user for behavior that violates our Community Guidelines.

Details: